[Event "Madurai Athens of the East op-C U1700"]
[Site "Madurai"]
[Date "2023.12.26"]
[Round "7"]
[White "Manikanda Prabhu, BV."]
[Black "Ashwath Narayanan, P."]
[Result "1/2-1/2"]
[WhiteElo "1565"]
[BlackElo "1442"]
[PlyCount "78"]
[EventDate "2023.12.24"]
[EventType "swiss"]
[EventRounds "9"]
[EventCountry "IND"]
[SourceTitle "CB06_2024"]
[SourceDate "2024.02.07"]
[SourceVersion "1"]
[SourceVersionDate "2024.02.07"]
[SourceQuality "1"]

1. d4 Nf6 2. c4 c5 3. d5 b5 4. cxb5 a6 5. bxa6 Bxa6 6. Nc3 d6 7. g3 g6 8. e4 Bxf1 9. Kxf1 Bg7 10. Kg2 Nbd7 11. Nf3 0-0 12. Qe2 Qa5 13. a4 Rfb8 14. Ra3 Rb4 15. Nd2 Qa6 16. Qxa6 Rxa6 17. f3 Ne8 18. Ndb1 Nc7 19. Re1 Ne5 20. Ra2 Nd3 21. Rd1 c4 22. a5 Nb5 23. Nxb5 Rxb5 24. Nd2 Rc5 25. Ra4 Bxb2 26. Nxc4 Nxc1 27. Nxb2 Rc2+ 28. Kh3 Ne2 29. Rb4 Rxa5 30. Nd3 h5 31. Rb7 Raa2 32. Kh4 Nc3 33. Rh1 Rxh2+ 34. Rxh2 Rxh2+ 35. Kg5 Kf8 36. Kh6 Ke8 37. Kg7 Rh3 38. Rb8+ Kd7 39. Rb7+ Kd8 1/2-1/2

[Event "Madurai Athens of the East op-C U1700"]
[Site "Madurai"]
[Date "2023.12.25"]
[Round "4"]
[White "Rishi, R1."]
[Black "Manikanda Prabhu, BV."]
[Result "0-1"]
[WhiteElo "1417"]
[BlackElo "1565"]
[PlyCount "76"]
[EventDate "2023.12.24"]
[EventType "swiss"]
[EventRounds "9"]
[EventCountry "IND"]
[SourceTitle "CB06_2024"]
[SourceDate "2024.02.07"]
[SourceVersion "1"]
[SourceVersionDate "2024.02.07"]
[SourceQuality "1"]

1. c4 e5 2. g3 g6 3. Bg2 Bg7 4. e4 d6 5. Ne2 Nc6 6. d3 Nge7 7. 0-0 0-0 8. Nbc3 f5 9. exf5 Bxf5 10. Bg5 h6 11. Be3 Qd7 12. Nd5 Kh7 13. Nxe7 Qxe7 14. d4 Bg4 15. d5 Nd4 16. f3 Nxf3+ 17. Bxf3 Rxf3 18. Rxf3 Bxf3 19. Qd2 Rf8 20. b4 a6 21. Rf1 Qd7 22. Rf2 Qh3 23. a4 Qg4 24. c5 Bxe2 25. Rxe2 Qf5 26. Bf2 e4 27. c6 bxc6 28. dxc6 d5 29. Re1 d4 30. Bxd4 Rd8 31. Rd1 Bxd4+ 32. Qxd4 Rxd4 33. Rxd4 h5 34. Rd7+ Kh6 35. Rxc7 e3 36. Kg2 Qf2+ 37. Kh3 e2 38. Re7 Qf5+ 0-1

[Event "Ramco Tech op"]
[Site "Rajapalayam"]
[Date "2018.11.29"]
[Round "2"]
[White "Laxman, Rajaram"]
[Black "Manikanda Prabhu, BV."]
[Result "1-0"]
[WhiteElo "2436"]
[BlackElo "1483"]
[PlyCount "73"]
[EventDate "2018.11.29"]
[EventType "swiss"]
[EventRounds "8"]
[EventCountry "IND"]
[SourceTitle "CBM 187 Extra"]
[Source "ChessBase"]
[SourceDate "2018.11.04"]
[SourceVersion "1"]
[SourceVersionDate "2018.11.04"]
[SourceQuality "1"]

1. d4 Nf6 2. Nf3 c5 3. d5 d6 4. c4 b5 5. cxb5 a6 6. bxa6 Bxa6 7. Nc3 g6 8. e4 Bxf1 9. Kxf1 Bg7 10. g3 0-0 11. Kg2 Nbd7 12. a4 Qa5 13. Bd2 Qb4 14. Qc2 Rfb8 15. Rhb1 Qb6 16. Nb5 Ne8 17. Bc3 Nc7 18. Nxc7 Qxc7 19. Bxg7 Kxg7 20. b4 Rb7 21. b5 Kg8 22. Nd2 Rba7 23. Nc4 Nb6 24. a5 Nxc4 25. b6 Qc8 26. bxa7 Ne5 27. Rb8 Rxb8 28. axb8Q Qxb8 29. a6 Qa8 30. Qb3 Qc8 31. a7 Qg4 32. a8Q+ Kg7 33. Qe3 h5 34. Qh8+ Kxh8 35. Qh6+ Kg8 36. Ra8+ Qc8 37. Rxc8# 1-0